UBT Library

Vacabolario Italiano (Record no. 60744)

000 -LEADER
fixed length control field 00316nam a22001337a 4500
008 - FIXED-LENGTH DATA ELEMENTS--GENERAL INFORMATION
fixed length control field 260105b ||||| |||| 00| 0 eng d
020 ## - INTERNATIONAL STANDARD BOOK NUMBER
International Standard Book Number 9788818035971
041 ## - LANGUAGE CODE
Language code of text/sound track or separate title eng
080 ## - UNIVERSAL DECIMAL CLASSIFICATION NUMBER
Universal Decimal Classification number 001
100 ## - Rafti
Rafti 24
101 ## - Shkurtesa
Shkurtesa ital
245 ## - TITLE STATEMENT
Title Vacabolario Italiano
Statement of responsibility, etc Diego Meldi e Anna Maria Carassiti
942 ## - ADDED ENTRY ELEMENTS (KOHA)
Source of classification or shelving scheme
Item type Books
Holdings
Withdrawn status Lost status Source of classification or shelving scheme Damaged status Not for loan Collection code Permanent location Current location Shelving location Date acquired Total Checkouts Full call number Barcode Date last seen Price effective from Koha item type Public note
          Koleksioni i përgjithshem UBT - Lipjan UBT - Lipjan Book Cart 01/05/2026   2025-04-14 002-800070999340 01/05/2026 01/05/2026 Books 2025-04-14
UBT Library © 2015-2024. All rights reserved University Education for Business and Technology